000 00748cam a22002532 4500
999 _c4487
_d4487
001 0000024095
003 OSt
005 20190913110813.0
008 130610s xx 000 0 eng d
020 _a9966285504 :
040 _aKABU
_cKABU
050 0 _aHF5691
_b.S25 2011
100 1 _aSaleemi, Nisar Ahmad.
245 1 0 _aBusiness mathematics and statistics Simplified /
_cNisar Ahmad Saleemi.
250 _a4th rev. and updated ed.
260 _aNairobi :
_bN. A. Saleemi,
_c2011.
300 _a653 p.
650 0 _aCommercial statistics.
650 0 _aBusiness mathematics.
908 _a130610
942 _2lcc
_cBK